LIBRARY & INFORMATION CENTRE, KCAET, TAVANUR

ONLINE PUBLIC ACCESS CATALOGUE (OPAC)

Normal view MARC view
  • Plant population

Entry Topical Term

Number of records used in: 1

001 - CONTROL NUMBER

  • control field: 5975

003 - CONTROL NUMBER IDENTIFIER

  • control field: OSt

005 - DATE AND TIME OF LATEST TRANSACTION

  • control field: 20240213150142.0

008 - FIXED-LENGTH DATA ELEMENTS

  • fixed length control field: 240213|| aca||aabn | a|a d

040 ## - CATALOGING SOURCE

  • Original cataloging agency: OSt
  • Transcribing agency: OSt

150 ## - HEADING--TOPICAL TERM

  • Topical term or geographic name as entry element: Plant population

670 ## - SOURCE DATA FOUND

  • Source citation: Work cat.: (OSt)57: Yellamanda Reddy, T . 5974, Principles of agronomy / , 2005.
free website counter